Španělsko. Atlas ekonoma.
Základné údaje. Politická a hospodárska situácia. Mena. Bankovníctvo. Štátne financie. Zahraničný obchod. Obchodné styky bývalej ČSFR so Španielskom.
Na minha lista:
| Autor principal: | |
|---|---|
| Formato: | Capítulo de Livro |
| Idioma: | tcheco |
| Assuntos: | |
| Tags: |
Sem tags, seja o primeiro a adicionar uma tag!
|
MARC
| LEADER | 00000naa a2200000 4500 | ||
|---|---|---|---|
| 001 | r011535 | ||
| 005 | 20220826094715.1 | ||
| 041 | 0 | |a cze | |
| 044 | |a [CS] | ||
| 245 | 1 | 0 | |a Španělsko. |b Atlas ekonoma. |c J. Hálek |
| 520 | |a Základné údaje. Politická a hospodárska situácia. Mena. Bankovníctvo. Štátne financie. Zahraničný obchod. Obchodné styky bývalej ČSFR so Španielskom. | ||
| 610 | 2 | 0 | |a rozvoj hospodársky |
| 610 | 2 | 0 | |a politika |
| 610 | 2 | 0 | |a bankovníctvo |
| 610 | 2 | 0 | |a obchod zahraničný |
| 610 | 2 | 0 | |a Španielsko |
| 610 | 2 | 0 | |a ČSFR |
| 100 | 1 | |a Hálek, J. | |